| 000 | 00741nam a2200229Ia 4500 | ||
|---|---|---|---|
| 003 | OSt | ||
| 005 | 20240830102343.0 | ||
| 008 | 220927b |||||||| |||| 00| 0 hin d | ||
| 020 |
_c495 _a9789350002872 |
||
| 037 |
_b391, 03/03/2011, Vani Prakashan _cTextual |
||
| 040 |
_aSDCL _cSDCL _bhin |
||
| 041 |
_2hin _ahin |
||
| 082 | _aO155,3N452w,1 152Q0 | ||
| 100 |
_aPawar, Urmila _9407225 |
||
| 245 | 0 | _aAayadaan. | |
| 260 |
_aNew Delhi _bVani Prakashan _c2010 |
||
| 300 | _a244p. | ||
| 650 |
_aHindi _9391598 |
||
| 700 |
_a Deshpandey Madhavi Pra Tr. _9407226 |
||
| 942 |
_hO155,3N452w,1 152Q0 _cTEXL _2CC |
||
| 999 |
_c722756 _d722756 |
||